Vom Modernisierer zum Russifizierer? Michail N. Murav'ëv und die Polenpolitik des Russischen Reiches
| Titel: | Vom Modernisierer zum Russifizierer? Michail N. Murav'ëv und die Polenpolitik des Russischen Reiches / Jörg Ganzenmüller |
|---|---|
| Verfasser: | |
| In: |
Eliten im Vielvölkerreich, (2015), Seite 49-64 alle Artikel anzeigen |
| Veröffentlicht: | 2015 |
| Umfang: | 1 Illustration |
| Format: | Aufsatz |
| Sprache: | Deutsch |
X
alg: 47594773 001A $03025:22-02-21 001B $01999:10-05-21 $t09:32:00.000 001D $03025:22-02-21 001U $0utf8 001X $00 002@ $0Aou 002C $aText $btxt $2rdacontent 002D $aohne Hilfsmittel zu benutzen $bn $2rdamedia 002E $aBand $bnc $2rdacarrier 003@ $0475947738 007A $0475947738 $aHEB 010@ $ager 010E $erda 011@ $a2015 021A $aVom Modernisierer zum Russifizierer? Michail N. Murav'ëv und die Polenpolitik des Russischen Reiches $hJörg Ganzenmüller 028A $BVerfasser $#Gancenmjuller, Jorg $4aut $7130181838 $8Ganzenmüller, Jörg$Z1969- [Tp3] $9160393922 031A $h49-64 $j2015 034M $a1 Illustration 039B $aEnthalten in $8--Aau--. Eliten im Vielvölkerreich. - Berlin : De Gruyter Oldenbourg, 2015. - VII, 411 Seiten. - Illustrationen, Karten. - ISBN 3-11-041602-6 $x201500000000000951 $9358125367 044K $#Муравьев, Михаил Николаевич $#Muravʹev-Vilenskij, Michail Nikolaevič $#Muravʹev, Michail N. $#Mrawjew, M. N. $#Murawiew, Michał Mikołajewicz $#Murawiow, Michał $#Muravʹëv, Michail N. $#Muravʹev, Mikhail Nikolaevich $#Murawiow, Michał W. $#Murawiow, Michał N. $#Murawjew, M. N. $#Wieszatiel $#Vešatelʹ $#Murawjow, Michail N. $#Муравьев, М. Н. $#Муравьев, Михаил Н. $#Муравьев-Виленский, Михаил Николаевич $7119039508 $8Muravʹev, Michail Nikolaevič$Z1796-1866 [Tp1] $9087379767 044K $#Russification $#Russification $74272016-3 $8Russifizierung [Ts1] $9086457675 044K $RKongresspolen $RWestgalizien $#Generalgouvernement Polen $#Polska $#Rzeczpospolita Polska $#Polska Rzeczpospolita Ludowa $#Poland $#Pologne $#République Polonaise $#Generalne Gubernatorstwo w Polsce $#Polish People's Republic $#Polska Rzeczpospolita Polen $#PRL $#RP $#Polen Generalgouvernement $#Polska Generalgouvernement $#Besetzte Polnische Gebiete $#Besetztes Gebiet in Polen $#Okupowane Polskie Obszary $#Obszary Okupowane w Polsce $#Volksrepublik Polen $#Polska Rosyjska $#Republic Polen $#Respublika Pol'ša $#Pol'skaja Narodnaja Respublika $#République de Pologne $#Polen Links der Weichsel $#Polska po Lewej Stronie Wisły $#Lenkija $#Polija $#Gubernija Carstva Pol'skago $#Republik Polen $74046496-9 $8Polen [Tg1] $9085129801 045F $a909 $eDDC23BSB 045F/01 $a909 045F/03 $f09034 045F/03 $g438 045F/03 $g471 045R $aGeschichte 1827-1866 lok: 47594773 78 exp: 47594773 78 1 #EPN 201B/01 $022-02-21 $t10:57:10.000 201C/01 $022-02-21 201U/01 $0utf8 203@/01 $01142618455 204P/01 $010.1515/9783110416121-005 208@/01 $a22-02-21 $be 209A/01 $a/ $f000 $x00 209A/01 $ab*p $x01 220C/01 $apgar 244Z/01 $#Generalgouvernement Polen $#Polska $#Rzeczpospolita Polska $#Polska Rzeczpospolita Ludowa $#Poland $#Pologne $#République Polonaise $#Generalne Gubernatorstwo w Polsce $#Polish People's Republic $#Polska Rzeczpospolita Polen $#PRL $#RP $#Polen Generalgouvernement $#Polska Generalgouvernement $#Besetzte Polnische Gebiete $#Besetztes Gebiet in Polen $#Okupowane Polskie Obszary $#Obszary Okupowane w Polsce $#Volksrepublik Polen $#Polska Rosyjska $#Republic Polen $#Respublika Pol'ša $#Pol'skaja Narodnaja Respublika $#République de Pologne $#Polen Links der Weichsel $#Polska po Lewej Stronie Wisły $#Lenkija $#Polija $#Gubernija Carstva Pol'skago $#Republik Polen $74046496-9 $8--Tg1--Polen $x01 $9085129801 247C/01 $82080>Marburg/Lahn, Herder-Institut, Forschungsbibliothek, Bibliographieportal $9336309341
| LEADER | 00000caa a2200000 c 4500 | ||
|---|---|---|---|
| 001 | 475947738 | ||
| 003 | DE-603 | ||
| 005 | 20210510093200.0 | ||
| 007 | tu | ||
| 008 | 210222s2015 xx |||| | u00||u|ger c | ||
| 035 | |a (DE-599)HEB475947738 | ||
| 040 | |a DE-603 |b ger |c DE-603 |d DE-603 |e rda | ||
| 041 | |a ger | ||
| 082 | 0 | 4 | |8 1\u |a 909 |q DE-101 |2 23/BSB |
| 085 | |8 1\u |b 909 | ||
| 085 | |8 1\u |z 1 |s 09034 | ||
| 085 | |8 1\u |z 2 |s 438 | ||
| 085 | |8 1\u |z 2 |s 471 | ||
| 100 | 1 | |a Ganzenmüller, Jörg |d 1969- |e Verfasser |4 aut |0 (DE-603)160393922 |0 (DE-588)130181838 |2 gnd | |
| 245 | 0 | 0 | |a Vom Modernisierer zum Russifizierer? Michail N. Murav'ëv und die Polenpolitik des Russischen Reiches |c Jörg Ganzenmüller |
| 264 | 0 | |c 2015 | |
| 300 | |b 1 Illustration | ||
| 336 | |a Text |b txt |2 rdacontent | ||
| 337 | |a ohne Hilfsmittel zu benutzen |b n |2 rdamedia | ||
| 338 | |a Band |b nc |2 rdacarrier | ||
| 600 | 1 | 7 | |a Muravʹev, Michail Nikolaevič |d 1796-1866 |0 (DE-588)119039508 |0 (DE-603)087379767 |2 gnd |
| 648 | 7 | |a Geschichte 1827-1866 |2 gnd | |
| 650 | 7 | |a Russifizierung |0 (DE-588)4272016-3 |0 (DE-603)086457675 |2 gnd | |
| 651 | 7 | |a Polen |0 (DE-588)4046496-9 |0 (DE-603)085129801 |2 gnd | |
| 773 | 0 | 8 | |i Enthalten in |t Eliten im Vielvölkerreich |d Berlin : De Gruyter Oldenbourg, 2015 |h VII, 411 Seiten, Illustrationen, Karten |z 3110416026 |z 9783110416022 |g (2015), Seite 49-64 |w (DE-603)358125367 |
| 924 | 0 | |9 2080 |a (DE-603)1142618455 |b DE-2080 |c HES |d d |g / | |


